ORTHODONTIC CONSIDERATIONS IN YOUNG CHILDREN (PRE- ADOLESCENTS) (Record no. 21140)

MARC details
000 -LEADER
fixed length control field 00312nam a22001337a 4500
003 - CONTROL NUMBER IDENTIFIER
control field SGT
082 ## - DEWEY DECIMAL CLASSIFICATION NUMBER
Classification number 617.645
Item number O21Y
100 ## - MAIN ENTRY--PERSONAL NAME
Personal name YADAV, ANKITA
245 ## - TITLE STATEMENT
Title ORTHODONTIC CONSIDERATIONS IN YOUNG CHILDREN (PRE- ADOLESCENTS)
260 ## - PUBLICATION, DISTRIBUTION, ETC. (IMPRINT)
Place of publication, distribution, etc SGTU
Year of Publication 2021
300 ## - PAGE DESCRIPTION
No. of Pages 66
650 ## - SUBJECT ADDED ENTRY--TOPICAL TERM
Topical term or geographic name as entry element PEDODONTICS
942 ## - ADDED ENTRY ELEMENTS (KOHA)
Source of classification or shelving scheme Dewey Decimal Classification
Koha item type Thesis/Dissertation
Holdings
Withdrawn status Lost status Source of classification or shelving scheme Damaged status Not for loan Home library Current library Shelving location Date acquired SGTU Total Checkouts Full call number Accession No. (Barcode) Date last seen Bill Date Koha item type
    Dewey Decimal Classification     SGT Dental Library SGT Dental Library Reference Book 29/04/2021 SGTU   617.645 O21Y DT1053 29/04/2021 29/04/2021 Thesis/Dissertation